[Event "2. Bundesliga Mitte 2016/2017"]
[Site "Leoben, Wolfsberg/Taufkirchen/Fuerstenfeld, Grieskirchen, St. Veit"]
[Date "2016.11.13"]
[Round "5"]
[Board "5"]
[White "Titz, Heimo"]
[Black "Hartl, Daniel"]
[Result "0-1"]
[WhiteElo "2172"]
[BlackElo "2282"]
[PlyCount "130"]
[EventDate "2016.10.07"]
[EventType "team"]
[EventRounds "11"]
[EventCountry "AUT"]
[WhiteTeam "SC DieKlagenfurter"]
[BlackTeam "SC MPOE Maria Saal 2"]

1. c4 c6 2. Nf3 d5 3. e3 Nf6 4. b3 Bg4 5. Bb2 Nbd7 6. Be2 e6 7. h3 Bh5 8. O-O
Bd6 9. d3 O-O 10. Nbd2 e5 11. cxd5 cxd5 12. d4 e4 13. Ne5 Bxe2 14. Qxe2 Qa5 15.
a3 Qb6 16. Rfc1 Rfc8 17. Kf1 h6 18. Ke1 a6 19. Kd1 Qd8 20. Nxd7 Nxd7 21. Rxc8
Rxc8 22. Rc1 Rxc1+ 23. Kxc1 Qe7 24. Nb1 f5 25. Qh5 Qe6 26. Nc3 Kh7 27. f4 exf3
28. Qxf3 Nf6 29. Kd2 Kg6 30. Kc2 Ne4 31. Nxe4 Qxe4+ 32. Qxe4 fxe4 33. Kd1 Kh5
34. Ke2 g5 35. Kf2 g4 36. hxg4+ Kxg4 37. Bc1 h5 38. Bb2 Be7 39. Bc1 Bh4+ 40.
Kf1 Kg3 41. Bd2 Be7 42. Be1+ Kh2 43. a4 Bg5 44. Bd2 Kg3 45. Be1+ Kg4 46. Ke2
Be7 47. Ba5 Kg3 48. Kf1 Bd6 49. Be1+ Kg4 50. Ke2 h4 51. Ba5 Kg3 52. Kf1 h3 53.
Be1+ Kg4 54. gxh3+ Kf3 55. h4 Kxe3 56. Bf2+ Kf3 57. h5 Bf4 58. Ke1 Bg5 59. Kf1
e3 60. Be1 e2+ 61. Kg1 Be3+ 62. Kh2 Bf2 63. Bd2 e1=Q 64. Bxe1 Bxe1 65. h6 Bc3
 0-1

[Event "2. Bundesliga Mitte 2016/2017"]
[Site "Leoben, Wolfsberg/Taufkirchen/Fuerstenfeld, Grieskirchen, St. Veit"]
[Date "2016.11.13"]
[Round "5"]
[Board "6"]
[White "Ertl, Johann"]
[Black "Jakits, Leopold"]
[Result "1-0"]
[WhiteElo "2299"]
[BlackElo "2135"]
[PlyCount "63"]
[EventDate "2016.10.07"]
[EventType "team"]
[EventRounds "11"]
[EventCountry "AUT"]
[WhiteTeam "SC MPOE Maria Saal 2"]
[BlackTeam "SC DieKlagenfurter"]

1. e4 c6 2. Nc3 d5 3. Nf3 Bg4 4. h3 Bxf3 5. Qxf3 e6 6. d3 Nd7 7. Bd2 Ngf6 8. g4
d4 9. Nd1 h6 10. Qg3 Qb6 11. Bg2 Qc5 12. c4 a5 13. f4 g5 14. e5 Ng8 15. O-O Bg7
16. Nf2 gxf4 17. Bxf4 O-O-O 18. Ne4 Qf8 19. b4 axb4 20. Rfb1 Kc7 21. a3 Nc5 22.
axb4 Nxe4 23. Bxe4 Ra8 24. Rxa8 Qxa8 25. Qf2 Qa7 26. b5 Qc5 27. bxc6 bxc6 28.
Qb2 Qa7 29. Qb4 c5 30. Qb7+ Qxb7 31. Rxb7+ Kd8 32. Rxf7 1-0

[Event "2. Bundesliga Mitte 2016/2017"]
[Site "Leoben, Wolfsberg/Taufkirchen/Fuerstenfeld, Grieskirchen, St. Veit"]
[Date "2016.11.13"]
[Round "5"]
[Board "1"]
[White "Baumegger, Siegfried"]
[Black "Reichmann, Egon"]
[Result "1-0"]
[WhiteElo "2444"]
[BlackElo "2266"]
[PlyCount "77"]
[EventDate "2016.10.07"]
[EventType "team"]
[EventRounds "11"]
[EventCountry "AUT"]
[WhiteTeam "Leoben"]
[BlackTeam "SV Wolfsberg"]

1. Nf3 d5 2. c4 d4 3. b4 f6 4. d3 e5 5. a3 a5 6. b5 Bc5 7. g3 Be6 8. Bg2 Nd7 9.
O-O Ne7 10. Nbd2 O-O 11. a4 c6 12. Nb3 Bb4 13. Bd2 Bxd2 14. Nfxd2 cxb5 15. axb5
a4 16. Nc1 Nc5 17. Ne4 Nxe4 18. Bxe4 Qc7 19. Rxa4 Bh3 20. Bg2 Bxg2 21. Kxg2 b6
22. Qb3 Qb7+ 23. Kg1 Kh8 24. Na2 f5 25. Nb4 f4 26. Rxa8 Qxa8 27. Qa2 fxg3 28.
hxg3 Qe8 29. Qa7 Nc8 30. Qc7 Qh5 31. c5 bxc5 32. Qxc5 Re8 33. b6 Nxb6 34. Qxb6
Qxe2 35. Qc6 Rb8 36. Na6 Rf8 37. Nc5 Qc2 38. Qe4 Rc8 39. Nd7 1-0

[Event "2. Bundesliga Mitte 2016/2017"]
[Site "Leoben, Wolfsberg/Taufkirchen/Fuerstenfeld, Grieskirchen, St. Veit"]
[Date "2016.11.13"]
[Round "5"]
[Board "2"]
[White "Stagl, Marco"]
[Black "Horvath, Peter"]
[Result "0-1"]
[WhiteElo "2103"]
[BlackElo "2427"]
[PlyCount "66"]
[EventDate "2016.10.07"]
[EventType "team"]
[EventRounds "11"]
[EventCountry "AUT"]
[WhiteTeam "SV Wolfsberg"]
[BlackTeam "Leoben"]

1. d4 d5 2. Nf3 Nf6 3. c4 e6 4. Bg5 Bb4+ 5. Nbd2 dxc4 6. Qa4+ Nc6 7. e3 Bd7 8.
Qc2 b5 9. Ne5 a6 10. Be2 h6 11. Bf3 Nxe5 12. dxe5 hxg5 13. exf6 gxf6 14. O-O-O
Rb8 15. Ne4 f5 16. Rxd7 Kxd7 17. Rd1+ Bd6 18. Nc5+ Ke7 19. Nxa6 Rb6 20. Nb4
Bxb4 21. Rxd8 Rxd8 22. Qe2 g4 23. Bxg4 Rd2 24. Qf3 fxg4 25. Qxg4 Rbd6 26. Qg5+
f6 27. Qg7+ Ke8 28. Qg8+ Kd7 29. Qf7+ Kc6 30. Qe8+ Kc5 31. Qf8 c3 32. bxc3 Ba3+
33. Kb1 Kc4 0-1

[Event "2. Bundesliga Mitte 2016/2017"]
[Site "Leoben, Wolfsberg/Taufkirchen/Fuerstenfeld, Grieskirchen, St. Veit"]
[Date "2016.11.13"]
[Round "5"]
[Board "3"]
[White "Enoeckl, Philipp"]
[Black "Kerschbaumer, Johannes"]
[Result "1/2-1/2"]
[WhiteElo "2289"]
[BlackElo "2069"]
[PlyCount "109"]
[EventDate "2016.10.07"]
[EventType "team"]
[EventRounds "11"]
[EventCountry "AUT"]
[WhiteTeam "Leoben"]
[BlackTeam "SV Wolfsberg"]

1. d4 d5 2. Bg5 Nf6 3. e3 c6 4. Bxf6 exf6 5. c4 Bb4+ 6. Nc3 O-O 7. Qb3 Ba5 8.
cxd5 Qxd5 9. Qxd5 cxd5 10. Nge2 Nc6 11. a3 Rd8 12. b4 Bc7 13. g3 a5 14. b5 Ne7
15. Bg2 a4 16. O-O g5 17. Rfc1 Bb6 18. Na2 Be6 19. Nb4 Ba5 20. Nc3 Bxb4 21.
axb4 a3 22. Nb1 Rdc8 23. Rxc8+ Nxc8 24. Rxa3 Rxa3 25. Nxa3 Nd6 26. Kf1 Kf8 27.
Ke1 Ke7 28. Bf1 Kd7 29. Nb1 Nc8 30. Nc3 f5 31. Bd3 h6 32. h4 Nb6 33. hxg5 hxg5
34. Kd2 Nc8 35. Na4 b6 36. Bf1 Kc7 37. Bd3 Ne7 38. Be2 Nc8 39. Bf3 Nd6 40. Nc3
Ne4+ 41. Bxe4 fxe4 42. Ke2 Bg4+ 43. Kf1 Kd6 44. Kg2 f5 45. Kf1 Bh5 46. Ke1 g4
47. Kd2 Be8 48. Kc2 Bd7 49. Kb3 Be8 50. Ka4 Bd7 51. Ne2 Be6 52. Nc1 Bd7 53. Nb3
Be6 54. Nc5 Bc8 55. Na6 1/2-1/2

[Event "2. Bundesliga Mitte 2016/2017"]
[Site "Leoben, Wolfsberg/Taufkirchen/Fuerstenfeld, Grieskirchen, St. Veit"]
[Date "2016.11.13"]
[Round "5"]
[Board "4"]
[White "Sternat, Roland"]
[Black "Dietmayer-Kraeutler, Marco"]
[Result "0-1"]
[WhiteElo "2103"]
[BlackElo "2244"]
[PlyCount "96"]
[EventDate "2016.10.07"]
[EventType "team"]
[EventRounds "11"]
[EventCountry "AUT"]
[WhiteTeam "SV Wolfsberg"]
[BlackTeam "Leoben"]

1. d4 d5 2. Nf3 Nf6 3. c4 e6 4. Nc3 c6 5. cxd5 exd5 6. Qb3 Qb6 7. Qxb6 axb6 8.
e3 Bf5 9. Nh4 Be6 10. Bd2 b5 11. Bd3 Nbd7 12. O-O Nb6 13. Rfc1 Nc4 14. Bxc4
bxc4 15. Nf3 Bd6 16. h3 Ke7 17. a3 b6 18. Ne5 Bxe5 19. dxe5 Nd7 20. f4 Nc5 21.
Rf1 Bf5 22. g4 Bd3 23. Rf2 h5 24. Re1 hxg4 25. hxg4 Rh4 26. Rg2 Rah8 27. Kf2
Nb3 28. Bc1 Rh1 29. Rgg1 R8h2+ 30. Kg3 Rxg1+ 31. Rxg1 Rc2 32. Na2 Be4 33. f5 g5
34. Re1 c5 35. Rd1 b5 36. Nc3 Rxc1 37. Nxd5+ Kf8 38. Rxc1 Nxc1 39. Nf6 Bc6 40.
Nh7+ Ke8 41. Nxg5 b4 42. e6 f6 43. Nf7 c3 44. g5 Ke7 45. g6 Kf8 46. Nd6 cxb2
47. e7+ Kxe7 48. g7 Bd5 0-1

[Event "2. Bundesliga Mitte 2016/2017"]
[Site "Leoben, Wolfsberg/Taufkirchen/Fuerstenfeld, Grieskirchen, St. Veit"]
[Date "2016.11.13"]
[Round "5"]
[Board "5"]
[White "Sandner, Wolfgang"]
[Black "Schoenangerer, Herbert"]
[Result "0-1"]
[WhiteElo "2256"]
[BlackElo "2097"]
[PlyCount "96"]
[EventDate "2016.10.07"]
[EventType "team"]
[EventRounds "11"]
[EventCountry "AUT"]
[WhiteTeam "Leoben"]
[BlackTeam "SV Wolfsberg"]

1. e4 e6 2. d3 d5 3. Nd2 Nf6 4. Ngf3 b6 5. g3 dxe4 6. dxe4 Bb7 7. Qe2 Nc6 8. c3
a5 9. Bg2 Be7 10. O-O O-O 11. Rd1 Qc8 12. e5 Nd7 13. Nb3 Rd8 14. Bf4 a4 15.
Nbd4 Nxd4 16. Rxd4 Nf8 17. Rad1 Rxd4 18. Rxd4 c5 19. Rd1 Qc7 20. h4 Rd8 21. h5
h6 22. Ne1 Bxg2 23. Nxg2 Rxd1+ 24. Qxd1 Qc6 25. c4 Nd7 26. Qd3 f6 27. exf6 Bxf6
28. b3 axb3 29. axb3 Nf8 30. Bd2 Qd7 31. Qe2 Qd4 32. Nf4 Kf7 33. Kh2 Bg5 34.
Qf3 Qxd2 35. Ng6+ Bf6 36. Qb7+ Kg8 37. Kg2 Qd8 38. Qc6 Bd4 39. f3 Bf6 40. Kh3
e5 41. g4 Nxg6 42. hxg6 Kh8 43. Qe6 Qa8 44. Kg2 Qb8 45. Qc6 Qd8 46. Kh3 Bg5 47.
Qe6 Bf4 48. Qc6 Qb8 0-1

[Event "2. Bundesliga Mitte 2016/2017"]
[Site "Leoben, Wolfsberg/Taufkirchen/Fuerstenfeld, Grieskirchen, St. Veit"]
[Date "2016.11.13"]
[Round "5"]
[Board "6"]
[White "Huber, Mario"]
[Black "Schein, Karl-Heinz"]
[Result "0-1"]
[WhiteElo "1987"]
[BlackElo "2186"]
[PlyCount "64"]
[EventDate "2016.10.07"]
[EventType "team"]
[EventRounds "11"]
[EventCountry "AUT"]
[WhiteTeam "SV Wolfsberg"]
[BlackTeam "Leoben"]

1. c4 f5 2. Nc3 Nf6 3. Nf3 d6 4. d4 e6 5. g3 Be7 6. Bg2 O-O 7. Bg5 Ne4 8. Bxe7
Qxe7 9. e3 Nxc3 10. bxc3 Nd7 11. Nd2 e5 12. c5 dxc5 13. Bxb7 Bxb7 14. Qb3+ Kh8
15. Qxb7 cxd4 16. Qc6 dxe3 17. fxe3 f4 18. Ke2 Nf6 19. Raf1 fxe3 20. Ne4 Nxe4
21. Qxe4 Qa3 22. Qc2 Qc5 23. c4 Rf2+ 24. Rxf2 exf2 25. Rd1 Rf8 26. Qd3 h6 27.
Kf1 e4 28. Qd5 Qe3 29. Qh5 Qc3 30. Qe2 e3 31. a4 a5 32. Kg2 Qe5 0-1

[Event "2. Bundesliga Mitte 2016/2017"]
[Site "Leoben, Wolfsberg/Taufkirchen/Fuerstenfeld, Grieskirchen, St. Veit"]
[Date "2017.01.27"]
[Round "6"]
[Board "1"]
[White "Branding, Volker"]
[Black "Horvath, Adam"]
[Result "1-0"]
[WhiteElo "2167"]
[BlackElo "2478"]
[PlyCount "81"]
[EventDate "2016.10.07"]
[EventType "team"]
[EventRounds "11"]
[EventCountry "AUT"]
[WhiteTeam "SV Gmunden"]
[BlackTeam "RbEJ Gleisdorf"]

1. e4 c5 2. Nc3 e6 3. f4 Nc6 4. Nf3 d5 5. Bb5 Nge7 6. Qe2 d4 7. Nd1 Qc7 8. O-O
Bd7 9. d3 f6 10. a3 O-O-O 11. Bd2 Kb8 12. Nf2 Nc8 13. Bc4 Nb6 14. Ba2 a6 15.
Rab1 Na4 16. Qe1 Bc8 17. e5 f5 18. b4 cxb4 19. axb4 Nc3 20. Bxc3 dxc3 21. b5
Nd4 22. Nxd4 Rxd4 23. bxa6 b6 24. Nd1 Bc5 25. Kh1 Bxa6 26. Bxe6 Qc6 27. Bxf5
Rf8 28. Be4 Rxe4 29. dxe4 Bxf1 30. Qxf1 Bd4 31. Qf3 Bxe5 32. g3 Bd4 33. Ne3 Qa4
34. Rb3 Rc8 35. e5 Qa1+ 36. Kg2 Qa2 37. Kh3 Ka7 38. Qg4 Rc7 39. Nd5 Qxc2 40.
Ra3+ Kb7 41. Nxc7 1-0

[Event "2. Bundesliga Mitte 2016/2017"]
[Site "Leoben, Wolfsberg/Taufkirchen/Fuerstenfeld, Grieskirchen, St. Veit"]
[Date "2017.01.27"]
[Round "6"]
[Board "2"]
[White "Heinemann, Thies"]
[Black "Rolletschek, Heinrich"]
[Result "1/2-1/2"]
[WhiteElo "2461"]
[BlackElo "2170"]
[PlyCount "289"]
[EventDate "2016.10.07"]
[EventType "team"]
[EventRounds "11"]
[EventCountry "AUT"]
[WhiteTeam "RbEJ Gleisdorf"]
[BlackTeam "SV Gmunden"]

1. e4 e5 2. Nf3 Nc6 3. Bb5 a6 4. Bxc6 dxc6 5. O-O Qd6 6. Na3 Be6 7. Qe2 f6 8.
Rd1 c5 9. c3 Bg4 10. d4 cxd4 11. cxd4 exd4 12. h3 Bxf3 13. Qxf3 Qd7 14. Bf4
Bxa3 15. Qxa3 Ne7 16. Qg3 Nc6 17. Bxc7 O-O 18. Bb6 f5 19. Qb3+ Kh8 20. Qd5 Qc8
21. Rac1 fxe4 22. Bxd4 Qe8 23. Bc5 Rd8 24. Qc4 Rxd1+ 25. Rxd1 Rf6 26. Qd5 h6
27. Qd7 Qxd7 28. Rxd7 b5 29. Rc7 Kh7 30. Kf1 Kg6 31. Ke2 Nd8 32. Be3 Rc6 33.
Rd7 Ne6 34. Kd2 Kf6 35. Rd5 Ke7 36. Re5 Rd6+ 37. Kc2 Rc6+ 38. Kb1 Kf6 39. Rxe4
Kf5 40. f3 h5 41. a4 bxa4 42. Rxa4 Nc7 43. Rf4+ Ke5 44. Re4+ Kf5 45. Bd4 Ne6
46. Bc3 g6 47. g3 g5 48. h4 Rc5 49. Ra4 gxh4 50. Rxh4 Kg6 51. Ra4 Rc6 52. Kc2
Ng5 53. f4 Ne6 54. Re4 Kf5 55. Re3 Kg4 56. Kb3 h4 57. gxh4 Nxf4 58. Re4 Kf5 59.
Ra4 Nd5 60. Bd2 Nf6 61. Bc3 Ne4 62. Ra5+ Kg4 63. Be1 Rc1 64. Bc3 Rh1 65. Kb4
Rxh4 66. Rxa6 Kf3 67. Kb5 Ke3 68. Rc6 Kd3 69. Bb4 Rh5+ 70. Ka4 Kd4 71. Ba3 Rh8
72. Bb4 Ra8+ 73. Ba5 Kd5 74. Rb6 Nd6 75. b3 Ra7 76. b4 Rb7 77. Ra6 Nb5 78. Rh6
Nc3+ 79. Kb3 Nb5 80. Bb6 Nd6 81. Bc5 Ne4 82. Be3 Nd6 83. Rg6 Rf7 84. Ka4 Rf1
85. Bc5 Ra1+ 86. Kb3 Ne4 87. Bf8 Rf1 88. Bg7 Nd6 89. Bf6 Re1 90. Bh4 Re6 91.
Rg5+ Kc6 92. Ka4 Kb6 93. Bf2+ Kc6 94. b5+ Nxb5 95. Rxb5 Re4+ 96. Ka5 Re2 97.
Rf5 Rb2 98. Ka4 Kd6 99. Bc5+ Ke6 100. Rh5 Kd7 101. Rh6 Rb1 102. Bb4 Rc1 103.
Kb5 Rc2 104. Bc5 Rb2+ 105. Kc4 Rc2+ 106. Kd5 Rd2+ 107. Bd4 Kd8 108. Rh7 Rd1
109. Ke5 Kc8 110. Rg7 Rd2 111. Kd5 Kd8 112. Ra7 Rd1 113. Ke5 Kc8 114. Bc5 Rd7
115. Ra1 Kc7 116. Rc1 Rd3 117. Bd4+ Kd7 118. Bb6 Ke7 119. Rc7+ Kf8 120. Bc5+
Ke8 121. Rc6 Rd1 122. Bd6 Kf7 123. Kf5 Rf1+ 124. Bf4 Rf2 125. Rc7+ Kf8 126. Ke5
Kg8 127. Bg5 Rf7 128. Rc1 Kg7 129. Rg1 Rf3 130. Bf6+ Kh6 131. Ke6 Kh5 132. Rg8
Rf2 133. Rg5+ Kh6 134. Kf7 Ra2 135. Rg4 Ra5 136. Rb4 Ra7+ 137. Be7 Ra5 138. Rf4
Rb5 139. Ra4 Rf5+ 140. Bf6 Rb5 141. Rh4+ Rh5 142. Rg4 Rb5 143. Be7 Rf5+ 144.
Bf6 Rb5 145. Rg8 1/2-1/2

[Event "2. Bundesliga Mitte 2016/2017"]
[Site "Leoben, Wolfsberg/Taufkirchen/Fuerstenfeld, Grieskirchen, St. Veit"]
[Date "2017.01.27"]
[Round "6"]
[Board "3"]
[White "Mittermayr, Gerhard"]
[Black "Wegerer, Fred"]
[Result "0-1"]
[WhiteElo "2092"]
[BlackElo "2077"]
[PlyCount "80"]
[EventDate "2016.10.07"]
[EventType "team"]
[EventRounds "11"]
[EventCountry "AUT"]
[WhiteTeam "SV Gmunden"]
[BlackTeam "RbEJ Gleisdorf"]

1. e4 c5 2. Nf3 e6 3. d4 cxd4 4. Nxd4 a6 5. c4 Bc5 6. Be3 Qb6 7. Qd2 Nc6 8. Nc2
Bxe3 9. Nxe3 Nf6 10. Nc3 O-O 11. O-O-O Qc5 12. Qd6 Qa5 13. Kb1 b5 14. c5 b4 15.
Nc4 Qd8 16. Na4 Nxe4 17. Qf4 f5 18. Bd3 Nf6 19. Nab6 Rb8 20. Nd6 Rxb6 21. cxb6
Qxb6 22. Bc4 Na5 23. Rc1 Bb7 24. Nxb7 Qxb7 25. f3 Nxc4 26. Rxc4 Nd5 27. Qd6 Qb5
28. Rhc1 Nc3+ 29. Ka1 Qxc4 30. bxc3 bxc3 31. Qxd7 Rb8 32. Qd6 Rc8 33. Qe5 h6
34. g4 fxg4 35. fxg4 Qxg4 36. Rxc3 Qd1+ 37. Kb2 Qd2+ 38. Kb3 Rxc3+ 39. Qxc3
Qxc3+ 40. Kxc3 Kf7 0-1

[Event "2. Bundesliga Mitte 2016/2017"]
[Site "Leoben, Wolfsberg/Taufkirchen/Fuerstenfeld, Grieskirchen, St. Veit"]
[Date "2017.01.27"]
[Round "6"]
[Board "4"]
[White "Frosch, Ronald"]
[Black "Haas, Michael"]
[Result "1-0"]
[WhiteElo "2273"]
[BlackElo "2046"]
[PlyCount "49"]
[EventDate "2016.10.07"]
[EventType "team"]
[EventRounds "11"]
[EventCountry "AUT"]
[WhiteTeam "RbEJ Gleisdorf"]
[BlackTeam "SV Gmunden"]

1. d4 e6 2. Nf3 Nf6 3. Bf4 c5 4. c3 b6 5. e3 Bb7 6. Nbd2 Nc6 7. Bd3 Be7 8. h3
d5 9. O-O O-O 10. Qe2 Bd6 11. Bxd6 Qxd6 12. Rad1 cxd4 13. exd4 a6 14. Ne5 b5
15. a3 Na5 16. f4 Nc4 17. Ndf3 Ne4 18. Nxc4 bxc4 19. Bxe4 dxe4 20. Nd2 Qc6 21.
Nxc4 Qb5 22. Rfe1 Bd5 23. Ne3 Qxe2 24. Rxe2 Rfc8 25. f5 1-0

[Event "2. Bundesliga Mitte 2016/2017"]
[Site "Leoben, Wolfsberg/Taufkirchen/Fuerstenfeld, Grieskirchen, St. Veit"]
[Date "2017.01.27"]
[Round "6"]
[Board "5"]
[White "Topf, Christian"]
[Black "Manhardt, Thomas"]
[Result "1/2-1/2"]
[WhiteElo "1992"]
[BlackElo "2226"]
[PlyCount "60"]
[EventDate "2016.10.07"]
[EventType "team"]
[EventRounds "11"]
[EventCountry "AUT"]
[WhiteTeam "SV Gmunden"]
[BlackTeam "RbEJ Gleisdorf"]

1. Nc3 c5 2. e4 Nc6 3. g3 e5 4. Bg2 d6 5. Nf3 g6 6. d3 Bg7 7. O-O Nge7 8. Bg5
h6 9. Be3 Be6 10. Ne2 O-O 11. c3 f5 12. Nd2 Qd7 13. f4 b6 14. Nf3 Rad8 15. Qc2
d5 16. Nxe5 Nxe5 17. fxe5 dxe4 18. dxe4 Qd3 19. Qxd3 Rxd3 20. Nf4 Rxe3 21. Nxe6
Re8 22. exf5 Bxe5 23. f6 Kf7 24. fxe7+ Kxe6 25. Bc6 Rxe7 26. Rad1 Rc7 27. Bd5+
Kd6 28. Bf7+ Ke7 29. Bd5 Kd6 30. Bf7+ Ke7 1/2-1/2

[Event "2. Bundesliga Mitte 2016/2017"]
[Site "Leoben, Wolfsberg/Taufkirchen/Fuerstenfeld, Grieskirchen, St. Veit"]
[Date "2017.01.27"]
[Round "6"]
[Board "6"]
[White "Watzka, Horst"]
[Black "Holzleithner, Johannes"]
[Result "0-1"]
[WhiteElo "2165"]
[BlackElo "2006"]
[PlyCount "58"]
[EventDate "2016.10.07"]
[EventType "team"]
[EventRounds "11"]
[EventCountry "AUT"]
[WhiteTeam "RbEJ Gleisdorf"]
[BlackTeam "SV Gmunden"]

1. e4 e6 2. d4 d5 3. Nc3 Bb4 4. exd5 exd5 5. Bd3 Nc6 6. Nge2 Nge7 7. O-O Bf5 8.
Ng3 Bxd3 9. Qxd3 Qd7 10. a3 Bd6 11. Nce2 Qg4 12. c3 O-O 13. h3 Qg6 14. Qf3 Na5
15. Nf4 Qc2 16. Be3 c6 17. Rab1 Nb3 18. Qg4 Ng6 19. Nfh5 f5 20. Qe2 Qxe2 21.
Nxe2 f4 22. Nc1 Nxc1 23. Bxc1 Rf5 24. g4 Rf7 25. Bd2 Nh4 26. f3 g6 27. Be1 Be7
28. Nxf4 Rxf4 29. Bg3 Rxf3 0-1

[Event "2. Bundesliga Mitte 2016/2017"]
[Site "Leoben, Wolfsberg/Taufkirchen/Fuerstenfeld, Grieskirchen, St. Veit"]
[Date "2017.01.27"]
[Round "6"]
[Board "1"]
[White "Haba, Petr"]
[Black "Reichmann, Egon"]
[Result "1-0"]
[WhiteElo "2457"]
[BlackElo "2266"]
[PlyCount "72"]
[EventDate "2016.10.07"]
[EventType "team"]
[EventRounds "11"]
[EventCountry "AUT"]
[WhiteTeam "Spg. Grieskirchen/Schallerbach"]
[BlackTeam "SV Wolfsberg"]

1. e4 c6 2. d4 d5 3. e5 Bf5 4. Nf3 e6 5. Be2 Nd7 6. O-O Ne7 7. Nbd2 h6 8. Nb3
Qc7 9. Bd2 g5 10. a4 Bg7 11. Ne1 c5 12. f4 c4 13. Nc1 Nc6 14. c3 O-O-O 15. Nc2
f6 16. Ne3 Be4 17. Ng4 fxe5 18. fxe5 Rdf8 19. Nf2 Bf5 20. b3 Na5 21. b4 Nc6 22.
Bg4 Ne7 23. Bxf5 Rxf5 24. Ne2 Rhf8 25. Ng3 R5f7 26. Qe2 Nf5 27. Nh5 Rg8 28. Ng4
Nf8 29. Rf2 Ng6 30. Raf1 Re7 31. Ngf6 Bxf6 32. Nxf6 Rh8 33. Nxd5 exd5 34. Rxf5
Qd7 35. Rf6 Re6 36. Qh5 Ne7 1-0

[Event "2. Bundesliga Mitte 2016/2017"]
[Site "Leoben, Wolfsberg/Taufkirchen/Fuerstenfeld, Grieskirchen, St. Veit"]
[Date "2017.01.27"]
[Round "6"]
[Board "2"]
[White "Toefferl, Heimo"]
[Black "Kilgus, Georg"]
[Result "1/2-1/2"]
[WhiteElo "2096"]
[BlackElo "2391"]
[PlyCount "62"]
[EventDate "2016.10.07"]
[EventType "team"]
[EventRounds "11"]
[EventCountry "AUT"]
[WhiteTeam "SV Wolfsberg"]
[BlackTeam "Spg. Grieskirchen/Schallerbach"]

1. d4 Nf6 2. c4 e6 3. Nc3 Bb4 4. f3 c5 5. d5 d6 6. Bd2 O-O 7. e4 exd5 8. cxd5
Nh5 9. g3 f5 10. Bg2 Nf6 11. Nge2 fxe4 12. fxe4 Nbd7 13. O-O Ne5 14. h3 Bd7 15.
Kh2 Qe7 16. Qc2 b5 17. Rf4 Ng6 18. Rff1 Ne5 19. Rf4 Nc4 20. Bc1 Rac8 21. a3 Ba5
22. b3 Ne5 23. a4 b4 24. Nd1 c4 25. Be3 Rc7 26. Bd4 c3 27. Ne3 Nh5 28. Rxf8+
Qxf8 29. Rf1 Qc8 30. g4 Nf6 31. Ng3 Bb6 1/2-1/2

[Event "2. Bundesliga Mitte 2016/2017"]
[Site "Leoben, Wolfsberg/Taufkirchen/Fuerstenfeld, Grieskirchen, St. Veit"]
[Date "2017.01.27"]
[Round "6"]
[Board "3"]
[White "Schwabeneder, Florian"]
[Black "Schoenangerer, Herbert"]
[Result "1-0"]
[WhiteElo "2362"]
[BlackElo "2097"]
[PlyCount "81"]
[EventDate "2016.10.07"]
[EventType "team"]
[EventRounds "11"]
[EventCountry "AUT"]
[WhiteTeam "Spg. Grieskirchen/Schallerbach"]
[BlackTeam "SV Wolfsberg"]

1. e4 e6 2. d4 d5 3. Nd2 dxe4 4. Nxe4 Bd7 5. Nf3 Bc6 6. Bd3 Nd7 7. O-O Ngf6 8.
Ng3 Be7 9. Re1 O-O 10. c4 Re8 11. Bg5 Bxf3 12. Qxf3 c6 13. Rad1 Qa5 14. Bc1
Qxa2 15. Ne4 Qa5 16. c5 Rad8 17. Bd2 Qc7 18. Bf4 Qc8 19. Nd6 Bxd6 20. Bxd6 Nf8
21. Qg3 Ng6 22. h4 Rd7 23. Qh2 Ne7 24. Qh3 Qd8 25. h5 h6 26. Be5 Kh8 27. Bb1 b6
28. b4 bxc5 29. bxc5 Rb7 30. Qf3 Ned5 31. Bc2 Rb2 32. Ba4 Qd7 33. Rb1 Rxb1 34.
Rxb1 Rc8 35. Bc2 a5 36. Qd3 Qa7 37. f4 a4 38. g4 Qa5 39. g5 Rg8 40. gxf6 gxf6+
41. Kh2 1-0

[Event "2. Bundesliga Mitte 2016/2017"]
[Site "Leoben, Wolfsberg/Taufkirchen/Fuerstenfeld, Grieskirchen, St. Veit"]
[Date "2017.01.27"]
[Round "6"]
[Board "4"]
[White "Huber, Mario"]
[Black "Singer, Christoph"]
[Result "0-1"]
[WhiteElo "1987"]
[BlackElo "2333"]
[PlyCount "90"]
[EventDate "2016.10.07"]
[EventType "team"]
[EventRounds "11"]
[EventCountry "AUT"]
[WhiteTeam "SV Wolfsberg"]
[BlackTeam "Spg. Grieskirchen/Schallerbach"]

1. c4 e6 2. Nc3 d5 3. cxd5 exd5 4. d4 Be7 5. Bf4 Nf6 6. Nf3 c6 7. h3 O-O 8. e3
Nbd7 9. Bd3 Re8 10. O-O Nf8 11. Rc1 Ng6 12. Bh2 Bd6 13. Bxd6 Qxd6 14. a3 Ne4
15. Bxe4 dxe4 16. Ng5 Qe7 17. Ngxe4 f5 18. Nd2 Be6 19. Nf3 Rad8 20. Qa4 a6 21.
Rfe1 h6 22. Qc2 Qf7 23. b4 Bb3 24. Qb1 Be6 25. Na4 Bd5 26. Nd2 Nh4 27. e4 fxe4
28. Nxe4 Nxg2 29. Kxg2 Qg6+ 30. Kh2 Bxe4 31. Qb3+ Kh7 32. Qg3 Rf8 33. Nc5 Rf3
34. Qxg6+ Bxg6 35. Kg2 Rdf8 36. Re2 Rxa3 37. Nxb7 Bf7 38. Na5 Bd5+ 39. Kf1 Rxh3
40. Ke1 Rf4 41. Rec2 Re4+ 42. Kd2 Rxd4+ 43. Ke2 Bf3+ 44. Ke3 Rxb4 45. Rc5 Bd1+
 0-1

[Event "2. Bundesliga Mitte 2016/2017"]
[Site "Leoben, Wolfsberg/Taufkirchen/Fuerstenfeld, Grieskirchen, St. Veit"]
[Date "2017.01.27"]
[Round "6"]
[Board "5"]
[White "Lentrodt, Thomas"]
[Black "Pressl, Harald"]
[Result "1-0"]
[WhiteElo "2232"]
[BlackElo "1873"]
[PlyCount "22"]
[EventDate "2016.10.07"]
[EventType "team"]
[EventRounds "11"]
[EventCountry "AUT"]
[WhiteTeam "Spg. Grieskirchen/Schallerbach"]
[BlackTeam "SV Wolfsberg"]

1. d4 g6 2. c4 Bg7 3. Nf3 f5 4. g3 c5 5. d5 d6 6. Bg2 Qa5+ 7. Bd2 Qa6 8. Qc2
Nd7 9. O-O Nb6 10. Na3 Bd7 11. e4 h6 1-0

[Event "2. Bundesliga Mitte 2016/2017"]
[Site "Leoben, Wolfsberg/Taufkirchen/Fuerstenfeld, Grieskirchen, St. Veit"]
[Date "2017.01.27"]
[Round "6"]
[Board "6"]
[White "Heindl, Matthias"]
[Black "Obermayr, Hermann"]
[Result "0-1"]
[WhiteElo "2106"]
[BlackElo "2179"]
[PlyCount "66"]
[EventDate "2016.10.07"]
[EventType "team"]
[EventRounds "11"]
[EventCountry "AUT"]
[WhiteTeam "SV Wolfsberg"]
[BlackTeam "Spg. Grieskirchen/Schallerbach"]

1. e4 g6 2. d4 Bg7 3. f4 d6 4. Nf3 e6 5. Nc3 Ne7 6. Be3 b6 7. Qd2 Bb7 8. O-O-O
Nd7 9. Be2 a6 10. g4 Nf6 11. Ng5 h6 12. e5 Nfd5 13. Nf3 Qd7 14. Bf2 Nxc3 15.
Qxc3 Nd5 16. Qd2 O-O-O 17. Kb1 Kb8 18. c4 Ne7 19. Qc2 f5 20. gxf5 gxf5 21. Rhg1
Be4 22. Bd3 Bxf3 23. Rxg7 Bxd1 24. Qxd1 Rdg8 25. Qg1 dxe5 26. fxe5 Rxg7 27.
Qxg7 Rg8 28. Qxh6 Rg2 29. Be3 Qa4 30. Bc1 Qd1 31. Qe3 Rxh2 32. a3 f4 33. Qe4
Rh1 0-1